00741cam a22001932 4500001001100000005001700011008004100028020002800069040001500097050001900112100003800131245009600169260007100265300003200336504005000368650004000418650005900458650003000517000000149320151217151818.0070313s xx 000 0 eng d a0333929500 :cKES 9,750 aKABUcKABU 0aHC79b.I55 B831 aBuchel, Bettina S. T.@000015028610aUsing communication technology :bcreating knowledge organizations /cBettina S. T. Buchel. aHoundmills, Basingstoke, Hampshire ;aNew York :bPalgrave,c2001. axi, 184 p. :bill ;c23 cm. aIncludes bibliographical refrences and index. 0aInformation technology.@0000150287 0aCommunication xTechnological innovations.@0000150288 0aOrganization.@0000148288